| 000 | 01352nam a22003617a 4500 | ||
|---|---|---|---|
| 003 | CHAP | ||
| 005 | 20220329135314.0 | ||
| 008 | 971013s1977 r 00010 d | ||
| 010 | _a34126 | ||
| 011 | _a35098 | ||
| 035 | _a39214 | ||
| 040 | _cCHAP | ||
| 090 | _aTesis | ||
| 100 | 0 | 0 |
_aLozano Rodríguez, Lidia G. _968797 |
| 245 | _aSelección de una línea de gusano tabacalero, Heliothis virescens (Fabricius) con posibilidad de no presentar diapausa | ||
| 260 |
_a(Monterrey, N.L.) : _bEl autor, _c1977 |
||
| 300 |
_a105 h. _b: ilus. ; apénd. ; gráfs. |
||
| 502 | _aTesis (M.C. Esp. en Parasitología Agrícola) -- ITESM. Div. de Ciencias Agropecuarias y Marítimas. Programa de Graduados | ||
| 590 |
_aALEPH _b10 _c20130110 _lUCH01 _h1259 |
||
| 590 |
_aBATCH-UPD _b10 _c20130109 _lUCH01 _h2312 |
||
| 590 |
_aBATCH-UPD _b10 _c20130110 _lUCH01 _h2027 |
||
| 590 |
_aBATCH-UPD _b10 _c20130409 _lUCH01 _h1831 |
||
| 590 |
_aBATCH-UPD _b10 _c20130410 _lUCH01 _h1344 |
||
| 590 |
_aBATCH-UPD _b10 _c20130914 _lUCH01 _h1046 |
||
| 590 |
_aCONVERSION _b10 _c20130109 _lUCH01 _h1319 |
||
| 650 | 1 | 4 |
_aControl biológico de plagas. _927587 |
| 650 | 1 | 4 |
_aHeliothis virescens. _953440 |
| 650 | 1 | 4 |
_aLuz _xEfecto en insectos. _969235 |
| 650 | 1 | 4 |
_aTemperatura _xEfecto en insectos. _9112202 |
| 901 | _aBK | ||
| 942 | _cTESIS | ||
| 949 |
_bBC _cTES _d-89494 _eTS1 _i39214 _si |
||
| 999 |
_c34126 _d34126 |
||